<?xml version="1.0" encoding="UTF-8"?>
<record
    xmlns:xsi="http://www.w3.org/2001/XMLSchema-instance"
    xsi:schemaLocation="http://www.loc.gov/MARC21/slim http://www.loc.gov/standards/marcxml/schema/MARC21slim.xsd"
    xmlns="http://www.loc.gov/MARC21/slim">

  <leader>00515nam a2200181   4500</leader>
  <controlfield tag="003">SEACOMMC</controlfield>
  <controlfield tag="005">20250502112754.0</controlfield>
  <controlfield tag="008">250205b        |||||||| |||| 00| 0 eng d</controlfield>
  <datafield tag="020" ind1=" " ind2=" ">
    <subfield code="a"> 81-7381-065-6</subfield>
    <subfield code="c">Rs.195.00</subfield>
  </datafield>
  <datafield tag="040" ind1=" " ind2=" ">
    <subfield code="a">SEACOMMC</subfield>
  </datafield>
  <datafield tag="082" ind1=" " ind2=" ">
    <subfield code="a">510.02465</subfield>
    <subfield code="b">G 427</subfield>
  </datafield>
  <datafield tag="100" ind1=" " ind2=" ">
    <subfield code="a">Ghosh, Ramkrishna</subfield>
  </datafield>
  <datafield tag="245" ind1="1" ind2=" ">
    <subfield code="a">Business Mathematics &amp; Statistics /</subfield>
    <subfield code="c">Ramkrishna Ghosh and Suranjan Saha</subfield>
  </datafield>
  <datafield tag="250" ind1=" " ind2=" ">
    <subfield code="a">9th rev.ed.</subfield>
  </datafield>
  <datafield tag="260" ind1=" " ind2=" ">
    <subfield code="a">Kolkata </subfield>
    <subfield code="b"> New Central Book Agency </subfield>
    <subfield code="c"> 2009</subfield>
  </datafield>
  <datafield tag="650" ind1=" " ind2=" ">
    <subfield code="a"> Mathematics</subfield>
  </datafield>
  <datafield tag="942" ind1=" " ind2=" ">
    <subfield code="c">BOOK</subfield>
  </datafield>
  <datafield tag="952" ind1=" " ind2=" ">
    <subfield code="0">0</subfield>
    <subfield code="1">0</subfield>
    <subfield code="2">ddc</subfield>
    <subfield code="4">0</subfield>
    <subfield code="7">0</subfield>
    <subfield code="a">SEACOMMC</subfield>
    <subfield code="b">SEACOMMC</subfield>
    <subfield code="c">REF</subfield>
    <subfield code="d">2008-03-06</subfield>
    <subfield code="l">0</subfield>
    <subfield code="o">510.02465 G 427</subfield>
    <subfield code="p">M-1909</subfield>
    <subfield code="r">2025-02-05 13:09:30</subfield>
    <subfield code="w">2025-02-05</subfield>
    <subfield code="y">BOOK</subfield>
  </datafield>
  <datafield tag="952" ind1=" " ind2=" ">
    <subfield code="0">0</subfield>
    <subfield code="1">0</subfield>
    <subfield code="2">ddc</subfield>
    <subfield code="4">0</subfield>
    <subfield code="7">0</subfield>
    <subfield code="a">SEACOMMC</subfield>
    <subfield code="b">SEACOMMC</subfield>
    <subfield code="d">2008-03-06</subfield>
    <subfield code="l">0</subfield>
    <subfield code="o">510.02465 G 427</subfield>
    <subfield code="p">M-1910</subfield>
    <subfield code="r">2025-02-05 13:10:08</subfield>
    <subfield code="t">1</subfield>
    <subfield code="w">2025-02-05</subfield>
    <subfield code="y">BOOK</subfield>
  </datafield>
  <datafield tag="952" ind1=" " ind2=" ">
    <subfield code="0">0</subfield>
    <subfield code="1">0</subfield>
    <subfield code="2">ddc</subfield>
    <subfield code="4">0</subfield>
    <subfield code="7">0</subfield>
    <subfield code="a">SEACOMMC</subfield>
    <subfield code="b">SEACOMMC</subfield>
    <subfield code="d">2008-03-06</subfield>
    <subfield code="l">0</subfield>
    <subfield code="o">510.02465 G 427</subfield>
    <subfield code="p">M-1911</subfield>
    <subfield code="r">2025-02-05 13:10:08</subfield>
    <subfield code="t">2</subfield>
    <subfield code="w">2025-02-05</subfield>
    <subfield code="y">BOOK</subfield>
  </datafield>
  <datafield tag="952" ind1=" " ind2=" ">
    <subfield code="0">0</subfield>
    <subfield code="1">0</subfield>
    <subfield code="2">ddc</subfield>
    <subfield code="4">0</subfield>
    <subfield code="7">0</subfield>
    <subfield code="a">SEACOMMC</subfield>
    <subfield code="b">SEACOMMC</subfield>
    <subfield code="d">2008-03-06</subfield>
    <subfield code="l">0</subfield>
    <subfield code="o">510.02465 G 427</subfield>
    <subfield code="p">M-1912</subfield>
    <subfield code="r">2025-02-05 13:10:08</subfield>
    <subfield code="t">3</subfield>
    <subfield code="w">2025-02-05</subfield>
    <subfield code="y">BOOK</subfield>
  </datafield>
  <datafield tag="999" ind1=" " ind2=" ">
    <subfield code="c">1053</subfield>
    <subfield code="d">1053</subfield>
  </datafield>
</record>
